| 000 | 00620nam a22001577a 4500 | ||
|---|---|---|---|
| 003 | OSt | ||
| 005 | 20151201160828.0 | ||
| 008 | 151201b xxu||||| |||| 00| 0 eng d | ||
| 040 | _cRUA | ||
| 082 | _aFIS VA 2001 B173 Or.1 | ||
| 100 |
_94108 _aVA, LONGDY. |
||
| 245 | _aThreatened status of marine mammals along coastal areas in koh kong province, ការគំរាមគំហែងទៅលើថនិកសត្វសមុទ្រនៅតាមបណ្ដោយឆ្នេរនៃខេត្តកោះកុង | ||
| 260 |
_aPhnom Penh _bRUA _c2001 |
||
| 300 |
_axii; 40p. _bill. _c29cm. |
||
| 942 |
_2ddc _cFIS |
||
| 999 |
_c3821 _d3821 |
||